|
|
|
|
| LEADER |
01818nam a2200505 4500 |
| 001 |
ocm86223375 |
| 003 |
OCoLC |
| 005 |
20170124070006.4 |
| 006 |
m o d |
| 007 |
cr cnu---unuuu |
| 008 |
070326s1976 nyua ob 001 0 eng d |
| 040 |
|
|
|a DG1
|b eng
|e pn
|c DG1
|d YDXCP
|d DG1
|d OCLCQ
|d N$T
|d OCLCF
|d OCLCA
|d OCLCQ
|d DEBBG
|d GrThAP
|
| 020 |
|
|
|a 9780470132821
|q (electronic bk.)
|
| 020 |
|
|
|a 0470132825
|q (electronic bk.)
|
| 020 |
|
|
|z 9780470132470
|
| 020 |
|
|
|z 0470132477
|
| 024 |
7 |
|
|a 10.1002/9780470132470
|2 doi
|
| 029 |
1 |
|
|a AU@
|b 000044095483
|
| 029 |
1 |
|
|a GBVCP
|b 790181614
|
| 029 |
1 |
|
|a NZ1
|b 15341121
|
| 029 |
1 |
|
|a NZ1
|b 16300493
|
| 029 |
1 |
|
|a DEBBG
|b BV043386028
|
| 035 |
|
|
|a (OCoLC)86223375
|
| 050 |
|
4 |
|a QD156
|b .I56 v.16 1976eb
|
| 072 |
|
7 |
|a SCI
|x 013050
|2 bisacsh
|
| 082 |
0 |
4 |
|a 541.39
|2 22
|
| 049 |
|
|
|a MAIN
|
| 245 |
0 |
0 |
|a Inorganic syntheses.
|n Volume 16 /
|c editor-in-chief, Fred Basolo.
|
| 264 |
|
1 |
|a New York :
|b McGraw Hill,
|c [1976]
|
| 264 |
|
4 |
|c ©1976
|
| 300 |
|
|
|a 1 online resource (xii, 257 pages) :
|b illustrations
|
| 336 |
|
|
|a text
|b txt
|2 rdacontent
|
| 337 |
|
|
|a computer
|b c
|2 rdamedia
|
| 338 |
|
|
|a online resource
|b cr
|2 rdacarrier
|
| 504 |
|
|
|a Includes bibliographical references and indexes.
|
| 588 |
0 |
|
|a Print version record.
|
| 650 |
|
0 |
|a Inorganic compounds
|x Synthesis.
|
| 650 |
|
7 |
|a SCIENCE
|x Chemistry
|x Physical & Theoretical.
|2 bisacsh
|
| 650 |
|
7 |
|a Inorganic compounds
|x Synthesis.
|2 fast
|0 (OCoLC)fst00973762
|
| 655 |
|
4 |
|a Electronic books.
|
| 700 |
1 |
|
|a Basolo, Fred,
|d 1920-2007.
|4 edt
|
| 710 |
2 |
|
|a Wiley InterScience (Online service)
|
| 776 |
0 |
8 |
|i Print version:
|t Inorganic syntheses. Volume 16.
|d New York : McGraw Hill, ©1976
|z 9780470131787
|w (OCoLC)39090479
|
| 856 |
4 |
0 |
|u https://doi.org/10.1002/9780470132470
|z Full Text via HEAL-Link
|
| 994 |
|
|
|a 92
|b DG1
|